| 000 | 00768nam a2200229Ia 4500 | ||
|---|---|---|---|
| 005 | 20250108125112.0 | ||
| 008 | 008 250107s9999 xx 000 0 hin d | ||
| 020 | _a978-93-85564-21-5 | ||
| 037 | _aTB | ||
| 040 |
_aCRL _bhin _cCRL |
||
| 041 |
_ahin _2hin |
||
| 084 | _aV2,4N06.N5 Q6 | ||
| 084 | _qCRL | ||
| 100 | _aउषा देव, ले. | ||
| 245 | 0 |
_aशिवानी: उपन्यास _cउषा देव, ले. |
|
| 260 |
_aदिल्ली, भारत _bहेमाद्रि प्रकाशन _c3316 |
||
| 300 | _a144पृ0 | ||
| 365 |
_aINR _b800 |
||
| 650 |
_aहिन्दी कहानीहिन्दी साहित्य _9729733 |
||
| 942 |
_cTB _hV2,4N06.N5 Q6 |
||
| 999 |
_c1235704 _d1235704 |
||